Statistics for Google Names Quiz

Click here to take the quiz!

General Stats

  • This quiz has been taken 18 times
  • The average score is 2 of 15

Answer Stats

First NameFirst Result% Correct
EmmaWatson
81%
AbigailBreslin
31%
MadisonBeer
6%
JamesComey
6%
RobertDe Niro
6%
OliviaHolt
6%
EmilySmith
6%
JohnWick
6%
HannahBaker
0%
IsabellaGomez
0%
DavidHarris
0%
WilliamH Macy
0%
CharlesSchwab
0%
RichardSimmons
0%
MichaelStevens
0%

Score Distribution

Percentile by Number Answered

Percent of People with Each Score

Your Score History

You have not taken this quiz